1181 1238 1829 1894 1065 1545 1537 1900 1837 1637 1100 1735 1430 1495 1051 1959 1716 1650 1698 1153 1622 1340 1090 1867 1670 1418 1434 1442 1860 1363 1280 1143 1517 1540 1336 1979 1393 1116 1558 1411 1486 1999 1982 1783 1377 1752 1467 1654 1689 1199 1889 1983 1496 1765 1080 1282 1005 1485 1720 1828 1414 1756 1476 1865 1603 1188 1241 1773 1269 1792 1714 1916 1353 1706 1669 1170 1113 1965 1335 1754 1893 1430 1113 1872 1740 1732 1736 1172 1047 1161 1412 1800 1258 1115 1593 1533 1811 1621 1165 BCNSPRNW ULIB Ver.6.0+V

เปลี่ยนเป็นภาษาไทย

Change to English
 แสดงรายละเอียดบรรณานุกรม
  กลับหน้าหลัก

Brief Record : Get Marc (ISO 2709) : E-mail record : QR code < ปิดหน้าต่าง
LEADER : 00000nam 2200000uu 4500
001    13399111182
003     ULIB
008    110620s2552||||th 000 0 tha d
020    9789741111411
060 04 QS4^bต367 2552
245 00 ตำรากายวิภาคศาสตร์พื้นฐาน=^bBasic anatomy /^cเรียบเรียงโดย คณาจารย์ภาควิชากายวิภาคศาสตร์ คณะแพทยศาสตร์ศิริราชพยาบาล; บรรณาธิการ, วาสนา ผลากรสกุล
246 31 bBasic anatomy
250    พิมพ์ครั้งที่ 1
260    กรุงเทพฯ:^bโรงพิมพ์ศุภวนิชการพิมพ์
300    428 หน้า,^bภาพประกอบ
650  7 กายวิภาคศาสตร์
650  7 สรีรวิทยา
700 0  วาสนา ผลากรสกุล,^eบรรณาธิการ
710 2  มหาวิทยาลัยมหิดล. ^bคณะแพทยศาสตร์.^bภาควิชากายวิภาคศาสตร์
710 2  คณาจารย์ภาควิชากายวิภาคศาสตร์ คณะแพทยศาสตร์ศิริราชพยาบาล
945    ^p400^l0^i16347
945    ^p400^l0^i16346
945    ^p400^l0^i16345
945    ^p400^l0^i16944
945    ^p400^l0^i16943
945    ^p400^l0^i16945
945    ^p400^l0^i16948
945    ^p400^l0^i16946
945    ^p400^l0^i16949
945    ^p400^l0^i16947
995    กัณชพร
999    ^aใช้งานได้ทุกระบบ
รายการนี้ยังไม่มีแท็ก
คุณยังไม่ได้ล็อกอิน คุณสามารถมีกิจกรรมร่วมกับเว็บไซต์ได้ แต่ต้องล็อกอินก่อน ::
  ล็อกอิน

รายการสื่อสารสนเทศ

ลำดับที่ ประเภท เลขเรียก/บาร์โค้ด สถานที่ สถานะ
1. วิทยาศาสตร์การแพทย์ และสุขภาพ
วิทยาศาสตร์การแพทย์ และสุขภาพ
QS4 ต367 2552 ฉ.3 
  Barcode: 16345
ห้องสมุดวิทยาเขตสวรรค์ประชารักษ์
►ส่วนจัดเก็บหนังสือเก่า สปร
บนชั้น
  ขอยืม

รายการใกล้เคียง
    หัวเรื่อง [กายวิภาคศาสตร์]
    หัวเรื่อง [สรีรวิทยา]

BibComment


ยังไม่เคยถูกคอมเมนท์

คอมเมนท์ทรัพยากรรายการนี้
  คอมเมนท์: ตำรากายวิภาคศาสตร..


 Copyright 2026. Bcnsprnw @Library